| 000 | 00516nam a2200181Ia 4500 | ||
|---|---|---|---|
| 003 | GCL | ||
| 008 | 140319s9999 xx 000 0 eng d | ||
| 040 |
_aGCL / _cGCL |
||
| 082 | 0 | 4 |
_a336.7 _bB T |
| 100 | 1 | _aBECK, CHRISTIAN | |
| 245 | 1 | 0 |
_aTHERNODYNAMICS OF CHAOTIC SYSTEMS AN INTRODUCTION / _cBECK, CHRISTIAN |
| 700 | 1 | _aSCHLOGL, FRIEDRICH | |
| 260 |
_a[S.N] : _bCAMBRIBGE UNIVERSITY PRESS ، _c1995 |
||
| 300 | _a286 P | ||
| 650 | 0 | 4 | _aTHERMODYNAMICS |
| 650 | 0 | 4 | _aCHAOTIC BEHAVIOR IN SYSTEMS |
| 942 |
_2ddc _cBK |
||
| 999 |
_c23675 _d23675 |
||